Регионална библиотека "Любен Каравелов" - Русе

Пелена (Запис номер 156914)

MARC детайли
000 -Лидер
Контролно поле с фиксирана дължина 01675nam a2200361 c 4500
003 - Код на организацията, давaща контролен номер
Контролно поле BLK
005 - Дата и час на последна редакция
Контролно поле 20200608121607.0
008 - Елементи от данни с фиксирана дължина
fixed length control field 180410b bul|||||r ||||||| ||bul||
010 ## - Наследен системен номер
LC control number KNG00163761000
040 ## - Източник на каталожния запис
Идентификатор на билиотеката - собственик на записа BLK
041 ## - Код за език
Код за езика на текст/звукозапис или на отделно заглавие Български
Код за езика КДБФ Български
080 ## - УДК
Текстов определител УДК Международни политически отношения. Световна политика. Международна политика. Дипломация
УДК код - определител по УДК 327
УДК определител (7/8)
УДК - код + определител 327(7/8)
080 ## - УДК
Текстов определител УДК Политическо влияние и натиск върху други държави
УДК код - определител по УДК 327.8
УДК определител (73)
УДК - код + определител 327.8(73)
100 1# - Редна дума - Автор
Автор Удуърд, Боб
Авторска отговорност първи автор
R(LIN) 333527
139 ## - Редно поле
Редна дума Удуърд, Боб
Авторски знак Удо - У 26
245 10 - Сведения за заглавието
Заглавие Пелена
Подзаглавни данни Тайните войни на ЦРУ - 1981 - 1987
Редно поле (дума) Боб Удуърд; прев. от англ. Елмира Димова.
257 ## - Страна на издаване
Страна на създаване/издаване Съединени американски щати
260 ## - Област на издателските данни
-- София
Име на издателя, разпространителя и проч. Партиздат
Година на издаване 1989
300 ## - Физическа характеристика
Страници 655 с.
Размери/Мащаб 20 см
380 ## - Жанр
Жанр Обществени науки
500 ## - Общи забележки
Забележка Ориг. загл. Vell : the secret wars of the CIA 1981-1987 / Bob Woodward ; Други прев. : Л. Дикова, Н. Капнилова. - Без тир.
650 #4 - Допълнително описание по предмет – тема
Основно описание – тема или топоним Шпионаж и диверсия
9 (RLIN) 242689
650 #4 - Допълнително описание по предмет – тема
Основно описание – тема или топоним Централно разузнавателно управление (ЦРУ)
9 (RLIN) 177248
653 ## - Ключова дума – ненормативна
Ключова дума шпионаж
653 ## - Ключова дума – ненормативна
Ключова дума ЦРУ
653 ## - Ключова дума – ненормативна
Ключова дума САЩ
700 1# - Други автори (авторска отговорност)
Лично име Димова, Елмира
Автороска отговорност (Описва отношението между автора и произведението) прев. от англ.
9 (RLIN) 333528
852 ## - Местоположение
Форматна сигнатура Цб 158640
856 4# - Електронен адрес и достъп
Електронен формат pdf - файл
Път до файла /url/
856 4# - Електронен адрес и достъп
Електронен формат pdf - файл
Път до файла /url/
942 ## - АРТИКУЛИ
Вид на библиотечния материал Книги
Скрит в OPAC Не
Koha issues (borrowed), all copies 1
944 ## - СЪЗДАВАНЕ И РЕДАКЦИЯ на ЗАПИСА
Създаване/Редакция Създаване
Дата на регистрацията/редакция 25.07.2014
Статус, дата на статуса 25.07.2014 - от С1,Р / 25.07.2014
Служител, извършил регистрацията/редакцията Радостина_Карадакова
944 ## - СЪЗДАВАНЕ И РЕДАКЦИЯ на ЗАПИСА
Създаване/Редакция Редакция
Дата на регистрацията/редакция 25.07.2014
Статус, дата на статуса 25.07.2014 - от С1,Р / 25.07.2014
Служител, извършил регистрацията/редакцията
999 ## - СИСТЕМНИ КОНТРОЛНИ НОМЕРА
Koha biblionumber 156914
Koha biblioitemnumber 156914
Наличности
Код за отписване Код за изгубен артикул Източник на класификационната схема Код за повреда Коз за рестрикции Код за отдаване Артикулен № Име на библиотеката - собственик Име на библиотеката, в която се намира в момента Статус (Текущо местоположение) Дата на вписване в системата Местоположение - отдел Цена в лева Инвентарен номер Систематично азбучна сигнатура Баркод Номер на екземпляра Цена в евро Служебна бележка Служебен тип на артикула
  Не е изгубен Universal Decimal Classification Не е повреден без рестрикции ползва се в читалня 262778 Регионална библиотека "Любен Каравелов" Русе Регионална библиотека "Любен Каравелов" Русе Хранилище 1989-01-01 Хранилище 2.50 519415 Цб 158640 120000519415 1 1.28 Дата: 01.01.1989 Книги
Изтеглен Не е изгубен Universal Decimal Classification Не е повреден без рестрикции заемане за дома 262779 Регионална библиотека "Любен Каравелов" Русе Регионална библиотека "Любен Каравелов" Русе Заемна - подръчен фонд 1989-01-01 Заемна - подръчен фонд 2.50 520036 П 327(7/8)/У 26 120000520036 2 1.28 Дата: 01.01.1989 Дата инв: 02.02.2018 Бележки инв: П2018 Книги
Vip Innovations Ltd, Rousse, Bulgaria 2025